<?xml version="1.0" encoding="UTF-8"?><?xml-stylesheet type="text/xsl" href="static/style.xsl"?><OAI-PMH xmlns="http://www.openarchives.org/OAI/2.0/" xmlns:xsi="http://www.w3.org/2001/XMLSchema-instance" xsi:schemaLocation="http://www.openarchives.org/OAI/2.0/ http://www.openarchives.org/OAI/2.0/OAI-PMH.xsd"><responseDate>2026-04-29T04:17:38Z</responseDate><request verb="GetRecord" identifier="oai:repisalud.isciii.es:20.500.12105/19468" metadataPrefix="marc">https://repisalud.isciii.es/rest/oai/request</request><GetRecord><record><header><identifier>oai:repisalud.isciii.es:20.500.12105/19468</identifier><datestamp>2025-05-05T07:36:35Z</datestamp><setSpec>com_20.500.12105_2052</setSpec><setSpec>com_20.500.12105_2051</setSpec><setSpec>col_20.500.12105_19608</setSpec></header><metadata><record xmlns="http://www.loc.gov/MARC21/slim" xmlns:dcterms="http://purl.org/dc/terms/" xmlns:doc="http://www.lyncode.com/xoai" xmlns:xsi="http://www.w3.org/2001/XMLSchema-instance" xsi:schemaLocation="http://www.loc.gov/MARC21/slim http://www.loc.gov/standards/marcxml/schema/MARC21slim.xsd">
   <leader>00925njm 22002777a 4500</leader>
   <datafield ind2=" " ind1=" " tag="042">
      <subfield code="a">dc</subfield>
   </datafield>
   <datafield ind2=" " ind1=" " tag="720">
      <subfield code="a">Molina-Barceló, Ana</subfield>
      <subfield code="e">author</subfield>
   </datafield>
   <datafield ind2=" " ind1=" " tag="720">
      <subfield code="a">Aragones, Nuria</subfield>
      <subfield code="e">author</subfield>
   </datafield>
   <datafield ind2=" " ind1=" " tag="720">
      <subfield code="a">Portillo, I</subfield>
      <subfield code="e">author</subfield>
   </datafield>
   <datafield ind2=" " ind1=" " tag="720">
      <subfield code="a">Pollan-Santamaria, Marina</subfield>
      <subfield code="e">author</subfield>
   </datafield>
   <datafield ind2=" " ind1=" " tag="720">
      <subfield code="a">Borrás, Josep Maria</subfield>
      <subfield code="e">author</subfield>
   </datafield>
   <datafield ind2=" " ind1=" " tag="720">
      <subfield code="a">Fernández, R</subfield>
      <subfield code="e">author</subfield>
   </datafield>
   <datafield ind2=" " ind1=" " tag="720">
      <subfield code="a">Agra, Y</subfield>
      <subfield code="e">author</subfield>
   </datafield>
   <datafield ind2=" " ind1=" " tag="260">
      <subfield code="c">2023</subfield>
   </datafield>
   <datafield ind2=" " ind1=" " tag="520">
      <subfield code="a">Antecedentes/Objetivos: El Registro Europeo de Desigualdades en Cáncer (REDC), iniciativa del Plan Europeo Contra el Cáncer, se pone en marcha en 2021 con el objetivo de identificar y visibilizar las desigualdades en prevención y control del cáncer en la Unión Europea (UE). El objetivo de esta presentación es describir el proceso de creación del REDC así como mostrar resultados de desigualdades en cáncer en España y Portugal. Métodos: El REDC ha sido elaborado por personas expertas del Joint Research Centre (JRC), la International Agency for Research on Cancer (IARC), la Organization for Economic Cooperation and Development (OCDE) y representantes clave de los Estados Miembros. Se nutre de datos cuantitativos de fuentes oficiales (EUROSTAT, JRC, IARC) sobre prevención, detección precoz, diagnóstico, tratamiento y carga del cáncer (incidencia y mortalidad). A partir de estos datos y con apoyo de información cualitativa obtenida a través de entrevistas a informantes clave de los estados miembros, se han elaborado en 2023 Informes de Situación por país. Resultados: Se ha creado una página web interactiva (https://cancer-inequalities.jrc.ec.europa.eu/) que permite comparar datos entre países y dimensiones de desigualdad (p. ej: sexo, edad, nivel educativo, ingresos) por tipo de tumor y año. Los Informes de Situación por país muestran que tanto España como Portugal tienen tasas de incidencia por debajo de la UE (datos 2020 España, Portugal y Europa: 541, 510 y 569 nuevos casos por 100.000 habitantes respectivamente). Lo mismo sucede en cuanto a la mortalidad, aunque los datos son más positivos para España que para Portugal (datos 2019 España, Portugal y Europa: 218, 245 y 247 muertes por 100.000 personas). Se han identificado desigualdades sociales en la exposición a factores de riesgo, así como en la participación en los programas de cribado. Por ejemplo, la proporción de fumadores/as adultos diarios fue más elevada en España que en Portugal (datos 2019 España, Portugal y Europa: 20%, 12% y 18%). En ambos países se han observado desigualdades por nivel educativo, con una mayor prevalencia de consumo en la población con menor nivel educativo frente a la de mayor nivel de estudios (datos 2019 España: 21-16%, Portugal: 12-8%, Europa: 19-13%). Conclusiones/Recomendaciones: Esta iniciativa es una primera foto de las desigualdades en cáncer en Europa que apunta a una necesidad de reducir los comportamientos de riesgo, y atender las necesidades de los grupos vulnerables para reducir las desigualdades en la prevención y atención al cáncer.</subfield>
   </datafield>
   <datafield ind1="8" ind2=" " tag="024">
      <subfield code="a">Gac Sanit. 2023;37(S1):50-50.</subfield>
   </datafield>
   <datafield ind1="8" ind2=" " tag="024">
      <subfield code="a">http://hdl.handle.net/20.500.12105/19468</subfield>
   </datafield>
   <datafield tag="653" ind2=" " ind1=" ">
      <subfield code="a">Registro Europeo de Desigualdades en Cáncer (REDC)</subfield>
   </datafield>
   <datafield tag="653" ind2=" " ind1=" ">
      <subfield code="a">España</subfield>
   </datafield>
   <datafield tag="653" ind2=" " ind1=" ">
      <subfield code="a">Portugal</subfield>
   </datafield>
   <datafield tag="653" ind2=" " ind1=" ">
      <subfield code="a">Cáncer</subfield>
   </datafield>
   <datafield tag="653" ind2=" " ind1=" ">
      <subfield code="a">Unión Europea</subfield>
   </datafield>
   <datafield tag="653" ind2=" " ind1=" ">
      <subfield code="a">Prevención de enfermedades</subfield>
   </datafield>
   <datafield tag="653" ind2=" " ind1=" ">
      <subfield code="a">Prevención contra el cáncer</subfield>
   </datafield>
   <datafield tag="653" ind2=" " ind1=" ">
      <subfield code="a">Factores de riesgo</subfield>
   </datafield>
   <datafield tag="653" ind2=" " ind1=" ">
      <subfield code="a">Factor socioeconómico</subfield>
   </datafield>
   <datafield ind2="0" ind1="0" tag="245">
      <subfield code="a">Registro Europeo de Desigualdades en Cáncer: proceso de creación y primeros resultados de España y Portugal</subfield>
   </datafield>
</record></metadata></record></GetRecord></OAI-PMH>